000
00312nam a22001217a 4500
008
160421b xxu||||| |||| 00| 0 eng d
020
_a
9780781780322
020
_a
07817880322
041
_a
eng
080
_a
618.2
245
_a
Introductory medical surgical;
_c
Barbara K. Timby; Nancy E. Smith;
942
_2
udc
_c
BK
999
_c
1480
_d
1480